000 00195nam a2200073Ia 4500
008 170524s9999 xx 000 0 und d
100 _aHILL- CHARLES W
245 0 _aPrinciples of Management
260 _bTATA MCGRAW HILL NEW DELHI
999 _c8505
_d8505